000 00683nam a2200253Ia 4500
005 20250425162243.0
008 250425s9999 xx 000 0 und d
020 _a9684220901
041 _aspa
082 _a624
100 _aMERRITT, FREDERICK S.
245 0 _aMANUAL DEL INGENIERO CIVIL
250 _a3A ED.
260 _aEstados Unidos
_bMCGRAW - HILL
_c1992
260 _aS.L.
500 _aTítulo Traducido: STANDARD HANDBOOK FOR CIVIL ENGINEERS
650 _aHIDRAULICA
650 _aINGENIERIA AMBIENTAL
650 _aINGENIERIA PORTUARIA
650 _aTUNELES-DISEÑO
700 _aJOSE E. DE LA CERA ALONSO
_etraductor
942 _c01
010 _a58854
999 _c225466
_d225466